Fuzzy graph theory (Record no. 23947)

MARC details
000 -LEADER
fixed length control field 00762nam a22002537a 4500
003 - CONTROL NUMBER IDENTIFIER
control field OSt
005 - DATE AND TIME OF LATEST TRANSACTION
control field 20220218121659.0
008 - FIXED-LENGTH DATA ELEMENTS--GENERAL INFORMATION
fixed length control field 201103b ||||| |||| 00| 0 eng d
020 ## - INTERNATIONAL STANDARD BOOK NUMBER
International Standard Book Number 9783319714066
040 ## - CATALOGING SOURCE
Transcribing agency CURAJ
082 ## - DEWEY DECIMAL CLASSIFICATION NUMBER
Classification number 511.3223
Item number M42F
100 ## - MAIN ENTRY--PERSONAL NAME
Personal name Mathew, Sunil
245 ## - TITLE STATEMENT
Title Fuzzy graph theory
Statement of responsibility, etc by Sunil Mathew, John N. Mordeson and Davender S. Malik
260 ## - PUBLICATION, DISTRIBUTION, ETC. (IMPRINT)
Place of publication, distribution, etc Switzerland
Name of publisher, distributor, etc Springer Nature
Date of publication, distribution, etc 2018
300 ## - PHYSICAL DESCRIPTION
Extent xviii, 320p.
Other physical details Hardback
490 ## - SERIES STATEMENT
Series statement Studies in fuzziness and soft computing
500 ## - GENERAL NOTE
General note UGC Start-Up Research Grant: Mathematics Project
653 ## - INDEX TERM--UNCONTROLLED
Uncontrolled term Game theory
653 ## - INDEX TERM--UNCONTROLLED
Uncontrolled term Graph theory
653 ## - INDEX TERM--UNCONTROLLED
Uncontrolled term Fuzzy graphs
700 ## - ADDED ENTRY--PERSONAL NAME
Personal name Mordeson, John N
Relator term Editor
700 ## - ADDED ENTRY--PERSONAL NAME
Personal name Malik, Davender S
Relator term Editor
942 ## - ADDED ENTRY ELEMENTS (KOHA)
Koha item type Books
Source of classification or shelving scheme Dewey Decimal Classification
Holdings
Withdrawn status Lost status Source of classification or shelving scheme Damaged status Not for loan Collection code Home library Current library Date acquired Source of acquisition Total Checkouts Full call number Barcode Checked out Date last seen Date checked out Price effective from Koha item type
    Dewey Decimal Classification     General Text Book Central University Of Rajasthan Central University Of Rajasthan 22/10/2020 MTH(P) 1 511.3223 M42F 34295 03/11/2020 03/11/2020 03/11/2020 22/10/2020 Books